| 000 | 00650nam a2200229 4500 | ||
|---|---|---|---|
| 003 | 085139289X | ||
| 005 | 20260530115258.0 | ||
| 008 | 260504b2006 |||||||| |||| 00| 0 eng d | ||
| 020 | _a0898600472 | ||
| 040 |
_cICI _aspa _bICI |
||
| 050 |
_aNA2510 _b.L39 |
||
| 100 | 1 |
_aLawson, Bryan _930748 |
|
| 245 | 1 | 0 | _aHow Designers Think |
| 264 | 1 |
_bThe Architectural Press, London _c2006 _aEstados Unidos de América |
|
| 300 |
_a216 páginas _bilustraciones |
||
| 336 |
_atexto _2rdacontent |
||
| 337 |
_asin medio _2rdamedia |
||
| 338 |
_avolumen _2rdacarrier |
||
| 650 | 4 |
_aDiseño _92672 |
|
| 650 | 4 | _aComunicación en diseño | |
| 942 |
_2lcc _cBK _n1 |
||
| 999 |
_c12694 _d12694 |
||